/ دبستان عشق کی مرمیہ گوئی (Record no. 105972)

MARC details
000 -LEADER
fixed length control field 00853nam a22002657a 4500
005 - DATE AND TIME OF LATEST TRANSACTION
control field 20170123162301.0
010 ## - LIBRARY OF CONGRESS CONTROL NUMBER
LC control number A-645223
020 ## - INTERNATIONAL STANDARD BOOK NUMBER
Terms of availability 300.00
035 ## - SYSTEM CONTROL NUMBER
System control number A-645223
037 ## - SOURCE OF ACQUISITION
Source of stock number/acquisition Cen Lib/Ret
040 ## - CATALOGING SOURCE
Original cataloging agency DPL
Language of cataloging UR
082 ## - DEWEY DECIMAL CLASSIFICATION NUMBER
Classification number 841.08
100 ## - MAIN ENTRY--PERSONAL NAME
Personal name جعفر رضا
9 (RLIN) 661
245 ## - TITLE STATEMENT
Title / دبستان عشق کی مرمیہ گوئی
Statement of responsibility, etc جعفر رضا
246 ## - VARYING FORM OF TITLE
Title proper/short title Dabistan-e-ishq ki marsiya goee /
Remainder of title Jafar Raza
260 ## - PUBLICATION, DISTRIBUTION, ETC. (IMPRINT)
Place of publication, distribution, etc اتر پردیس
Name of publisher, distributor, etc شبستان
Date of publication, distribution, etc 1973
270 ## - ADDRESS
Address 284,شاہ گنج
City الہ آباد
Postal code 300112
300 ## - PHYSICAL DESCRIPTION
Extent 391p.
Dimensions 22cm(Hb)
500 ## - GENERAL NOTE
General note انڈیکس میں شامل ہیں
650 ## - SUBJECT ADDED ENTRY--TOPICAL TERM
Topical term or geographic name as entry element اردو ادب
9 (RLIN) 136764
650 ## - SUBJECT ADDED ENTRY--TOPICAL TERM
Topical term or geographic name as entry element اردو ادب-تنقید
9 (RLIN) 663
650 ## - SUBJECT ADDED ENTRY--TOPICAL TERM
Topical term or geographic name as entry element Urdu Literature
9 (RLIN) 136765
650 ## - SUBJECT ADDED ENTRY--TOPICAL TERM
Topical term or geographic name as entry element Urdu Literature - Criticism
9 (RLIN) 665
942 ## - ADDED ENTRY ELEMENTS (KOHA)
Source of classification or shelving scheme Dewey Decimal Classification
Koha item type Urdu Bks
Classification part 841.08
Call number suffix ج ع ن
Holdings
Withdrawn status Lost status Damaged status Not for loan Collection code Home library Current library Date acquired Source of acquisition Cost, normal purchase price Total Checkouts Full call number Barcode Date last seen Copy number Cost, replacement price Price effective from Koha item type
      Not For Loan Reference Central Library Central Library 25/05/2015 Cen Lib/Ret 300.00   841.08 ج ع ن A-645223 25/05/2015 1 300.00 15/09/2016 Urdu Bks

© Delhi Public Library
Hit Counter
free hit counter